[Event "Play for Durgesh Fundraiser Blitz"]
[Site "Vishy Anand Arena"]
[Date "2020.09.19"]
[Round "8"]
[White "Sragvidhanvi"]
[Black "Apply11"]
[Result "0-1"]
[WhiteElo "1662"]
[BlackElo "1833"]
[Annotator "NA"]
[PlyCount "98"]
[EventDate "2020.09.19"]
[EventType "swiss (blitz)"]

1. d4 Nf6 2. Bf4 e6 3. e3 c5 4. c3 Be7 5. Nf3 b6 6. Bd3 Bb7 7. Nbd2 cxd4 8. exd4 O-O 9. Qe2 d6 10. Bg5 Nbd7 11. Bxf6 Nxf6 12. Ne4 Qd7 13. Nxf6+ Bxf6 14. O-O a6 15. Bc2 g6 16. Qd3 Bg7 17. Rfe1 Rac8 18. Ng5 b5 19. Qh3 h6 20. Ne4 b4 21. Qd3 bxc3 22. bxc3 a5 23. Re3 Bd5 24. Rf3 Bxe4 25. Qxe4 d5 26. Qd3 a4 27. Rg3 Rc4 28. Re1 Rfc8 29. Ree3 Rxc3 30. Qxc3 Rxc3 31. Rxc3 Bxd4 32. Rcd3 Be5 33. Rge3 Bf4 34. Re2 Qb5 35. g3 Bg5 36. Kg2 Bf6 37. f4 Kg7 38. Ra3 d4 39. Bd3 Qd5+ 40. Kf1 Qh1+ 41. Kf2 Qxh2+ 42. Ke1 Qxg3+ 43. Kd2 Qxf4+ 44. Kc2 Qc7+ 45. Kb2 Qc6 46. Bc2 d3+ 47. Kc1 dxc2 48. Kd2 c1=Q+ 49. Kd3 Q6c4# 0-1

[Event "Play for Durgesh Fundraiser Blitz"]
[Site "Vishy Anand Arena"]
[Date "2020.09.19"]
[Round "8"]
[White "Abdulkalam25677853"]
[Black "amurali"]
[Result "0-1"]
[WhiteElo "1652"]
[BlackElo "1609"]
[Annotator "NA"]
[PlyCount "104"]
[EventDate "2020.09.19"]
[EventType "swiss (blitz)"]

1. d4 Nf6 2. Nf3 g6 3. c4 c5 4. Nc3 cxd4 5. Nxd4 Bg7 6. e4 d6 7. Be3 O-O 8. Be2 Nc6 9. O-O a5 10. a3 Nxd4 11. Bxd4 Nd7 12. Bxg7 Kxg7 13. f4 Nc5 14. f5 a4 15. Qd4+ Kg8 16. fxg6 hxg6 17. Nd5 Nb3 18. Qe3 Nxa1 19. Rxa1 Be6 20. Nf4 Bd7 21. Qg3 Qb6+ 22. Kh1 Qxb2 23. Rf1 Rac8 24. Nd5 Rce8 25. h4 Bc6 26. Nf4 Bxe4 27. h5 Qh8 28. Kg1 Qd4+ 29. Kh2 Kg7 30. hxg6 Rh8+ 31. Bh5 Bxg6 32. Nxg6 Rxh5+ 33. Nh4+ Kh8 34. Rf4 Qg7 35. Rxf7 Qxf7 36. Kg1 Rg8 37. Ng6+ Qxg6 38. Qc3+ Qg7 39. Qd2 Qxg2+ 40. Qxg2 Rxg2+ 41. Kxg2 Rc5 42. Kf3 Rxc4 43. Ke3 Rc3+ 44. Kd2 Rxa3 45. Kc2 Rb3 46. Kc1 Rb6 47. Kc2 a3 48. Kc3 a2 49. Kd2 a1=Q 50. Ke2 Qc3 51. Kf2 Rb2+ 52. Kg1 Qc1# 0-1

[Event "Play for Durgesh Fundraiser Blitz"]
[Site "Vishy Anand Arena"]
[Date "2020.09.19"]
[Round "8"]
[White "Adireddyarjun"]
[Black "ASB"]
[Result "0-1"]
[WhiteElo "1652"]
[BlackElo "2060"]
[PlyCount "140"]
[EventDate "2020.09.19"]
[EventType "swiss (blitz)"]

1. e4 d5 2. exd5 Nf6 3. c4 c6 4. dxc6 Nxc6 5. Nf3 e5 6. d3 e4 7. dxe4 Qxd1+ 8. Kxd1 Nxe4 9. Be3 Bc5 10. Bxc5 Nxc5 11. Nc3 Bf5 12. Be2 O-O-O+ 13. Ke1 Nb4 14. Rc1 Ncd3+ 15. Bxd3 Nxd3+ 16. Kd2 Nxf2+ 17. Ke3 Nxh1 18. Rxh1 Kb8 19. h3 Rhe8+ 20. Kf2 Bd3 21. b3 f6 22. Rd1 a6 23. Nd5 Be4 24. Rd4 Bxd5 25. cxd5 Rd7 26. d6 Red8 27. Rg4 g6 28. Rh4 h5 29. g4 hxg4 30. Rxg4 g5 31. h4 gxh4 32. Rxh4 Rxd6 33. Rh7 Rd2+ 34. Nxd2 Rxd2+ 35. Ke3 Rxa2 36. Kd3 Rb2 37. Kc3 Rf2 38. Rf7 Ka7 39. Kc4 Kb6 40. b4 Rf4+ 41. Kb3 f5 42. Kc3 Kc6 43. Kb3 b6 44. Rf6+ Kb5 45. Kc3 Rf3+ 46. Kd4 Rf1 47. Kc3 Rf4 48. Kd3 Rxb4 49. Rxf5+ Ka4 50. Rf1 a5 51. Ra1+ Kb5 52. Kc3 a4 53. Ra3 Ka5 54. Ra1 b5 55. Rh1 Rb3+ 56. Kc2 Rg3 57. Rh8 Kb4 58. Kb2 a3+ 59. Kb1 Rg1+ 60. Ka2 Rg2+ 61. Kb1 Ka4 62. Rh4+ b4 63. Rf4 Rh2 64. Rg4 Kb3 65. Rg3+ Kc4 66. Rg4+ Kb5 67. Rg3 Rh4 68. Rg4 Rxg4 69. Ka2 Rg2+ 70. Kb3 Rb2# 0-1

[Event "Play for Durgesh Fundraiser Blitz"]
[Site "Vishy Anand Arena"]
[Date "2020.09.19"]
[Round "8"]
[White "Dicedeepak"]
[Black "Sidhurajesh"]
[Result "1-0"]
[WhiteElo "1642"]
[BlackElo "1282"]
[Annotator "NA"]
[PlyCount "79"]
[EventDate "2020.09.19"]
[EventType "swiss (blitz)"]

1. e4 d5 2. exd5 Nf6 3. Nc3 Nxd5 4. Bc4 Be6 5. Bb3 Nxc3 6. bxc3 Bxb3 7. cxb3 Nc6 8. Nf3 Qd7 9. O-O O-O-O 10. b4 g6 11. b5 Nb8 12. d4 Bg7 13. Be3 Qxb5 14. Rb1 Qd5 15. Qc2 Nc6 16. Qb2 b6 17. Rfd1 e5 18. h3 exd4 19. cxd4 f5 20. Rdc1 Nxd4 21. Bxd4 Bxd4 22. Qc2 Bc5 23. Qa4 Qe4 24. Qxa7 Kd7 25. Qa6 Ra8 26. Qb5+ c6 27. Qb2 Qe6 28. Rd1+ Kc7 29. Qg7+ Be7 30. Re1 Qxa2 31. Rxe7+ Kd6 32. Rd1+ Kc5 33. Qc3+ Kb5 34. Re5+ c5 35. Nd4+ Ka6 36. Ra1 Qxa1+ 37. Qxa1+ Kb7 38. Re7+ Kb8 39. Nc6+ Kc8 40. Qxa8# 1-0

[Event "Play for Durgesh Fundraiser Blitz"]
[Site "Vishy Anand Arena"]
[Date "2020.09.19"]
[Round "8"]
[White "Sushruthareddy"]
[Black "Namitbir Singh"]
[Result "0-1"]
[WhiteElo "1641"]
[BlackElo "1850"]
[Annotator "NA"]
[PlyCount "112"]
[EventDate "2020.09.19"]
[EventType "swiss (blitz)"]

1. e4 e5 2. Nf3 Nc6 3. Nc3 Nf6 4. d4 exd4 5. Nxd4 Bb4 6. Nxc6 bxc6 7. Bd3 O-O 8. O-O d5 9. exd5 cxd5 10. Bg5 c6 11. a3 Be7 12. Re1 h6 13. Bf4 Bd6 14. Bxd6 Qxd6 15. Ne2 Rb8 16. b3 Bg4 17. f3 Bh5 18. Ng3 Bg6 19. Bxg6 fxg6 20. Qd3 Nh5 21. Nxh5 gxh5 22. Re2 h4 23. a4 h3 24. g3 Qc5+ 25. Qe3 d4 26. Qd3 Rf7 27. Rf1 Rbf8 28. f4 Qd5 29. Qe4 Qd6 30. Qe5 Qb4 31. Qe4 c5 32. Qe6 Qb7 33. Qxh3 Re7 34. Rxe7 Qxe7 35. Qg4 Qe3+ 36. Kh1 Qe4+ 37. Qf3 Qxc2 38. Re1 d3 39. Qd1 Rd8 40. Kg1 d2 41. Rf1 Qc3 42. Kg2 Qd4 43. Kh1 Qe4+ 44. Kg1 Qe3+ 45. Kh1 Rd3 46. Rg1 Qe4+ 47. Rg2 Re3 48. Qxd2 Re1+ 49. Qxe1 Qxe1+ 50. Rg1 Qe4+ 51. Rg2 Qb1+ 52. Rg1 Qxb3 53. h3 c4 54. Re1 Qxa4 55. Re8+ Qxe8 56. Kg2 c3 0-1

[Event "Play for Durgesh Fundraiser Blitz"]
[Site "Vishy Anand Arena"]
[Date "2020.09.19"]
[Round "8"]
[White "abhi_golu"]
[Black "Ritwik chess"]
[Result "0-1"]
[WhiteElo "1636"]
[BlackElo "1684"]
[Annotator "NA"]
[PlyCount "84"]
[EventDate "2020.09.19"]
[EventType "swiss (blitz)"]

1. e4 e5 2. Nf3 Nc6 3. Bc4 Nf6 4. d3 Be7 5. O-O O-O 6. h3 d6 7. Re1 h6 8. c3 Nh7 9. Nbd2 Ng5 10. a4 Kh8 11. Nxg5 Bxg5 12. Nf3 Bxc1 13. Qxc1 f5 14. exf5 Bxf5 15. Qd2 d5 16. Bb3 e4 17. dxe4 dxe4 18. Qxd8 Raxd8 19. Nh4 Bh7 20. Bc2 Rfe8 21. Rad1 g5 22. Rxd8 Rxd8 23. Bxe4 gxh4 24. Bxh7 Kxh7 25. Re7+ Nxe7 26. g3 hxg3 27. fxg3 Rd2 28. h4 Nf5 29. b4 Nxg3 30. h5 Nxh5 31. c4 Kg6 32. b5 Kg5 33. a5 Kg4 34. c5 Kg3 35. Kf1 Kf3 36. Ke1 Ke3 37. c6 bxc6 38. b6 cxb6 39. a6 b5 40. Kf1 b4 41. Kg1 b3 42. Kf1 b2 0-1

[Event "Play for Durgesh Fundraiser Blitz"]
[Site "Vishy Anand Arena"]
[Date "2020.09.19"]
[Round "8"]
[White "Vishvajeet Singh"]
[Black "Sans360"]
[Result "1-0"]
[WhiteElo "1634"]
[BlackElo "1433"]
[Annotator "NA"]
[PlyCount "43"]
[EventDate "2020.09.19"]
[EventType "swiss (blitz)"]

1. e4 c5 2. d4 cxd4 3. Nf3 Nf6 4. e5 Nd5 5. Qxd4 e6 6. c4 Nc6 7. Qd1 Nb6 8. Nc3 Qc7 9. Nb5 Qd8 10. Be3 a6 11. Nd6+ Bxd6 12. exd6 O-O 13. Bd3 Rb8 14. Bxh7+ Kxh7 15. Ng5+ Kg8 16. Qh5 Qxg5 17. Bxg5 Nxc4 18. O-O-O f6 19. h4 fxg5 20. hxg5 Rxf2 21. g6 Rxg2 22. Qh8# 1-0

[Event "Play for Durgesh Fundraiser Blitz"]
[Site "Vishy Anand Arena"]
[Date "2020.09.19"]
[Round "8"]
[White "Adit pushan"]
[Black "Aneesh009"]
[Result "1/2-1/2"]
[WhiteElo "1629"]
[BlackElo "1684"]
[Annotator "NA"]
[PlyCount "183"]
[EventDate "2020.09.19"]
[EventType "swiss (blitz)"]

1. e4 c6 2. d4 d5 3. exd5 cxd5 4. Nc3 Bf5 5. Bd3 Bxd3 6. Qxd3 Nf6 7. Nf3 e6 8. O-O Nc6 9. Qb5 Qb6 10. Qxb6 axb6 11. Bg5 Be7 12. Nb5 O-O 13. Ne5 h6 14. Be3 Ra5 15. Nc3 Bb4 16. Ne2 Nxe5 17. dxe5 Ne4 18. c3 Bc5 19. Bxc5 bxc5 20. f3 Nd2 21. Rfd1 Nc4 22. b3 Nxe5 23. h4 Rfa8 24. a4 b5 25. f4 Nd7 26. c4 bxc4 27. bxc4 Rxa4 28. Rxa4 Rxa4 29. cxd5 exd5 30. Rxd5 Ra7 31. Nc3 f6 32. Ne4 Kf7 33. Nxc5 Nxc5 34. Rxc5 Ra4 35. g3 Kg6 36. Kg2 Ra2+ 37. Kh3 Ra3 38. h5+ Kh7 39. Kg4 Re3 40. Rc7 f5+ 41. Kh4 Re1 42. Kh3 Rh1+ 43. Kg2 Rxh5 44. Rc5 Kg6 45. Rc6+ Kf7 46. Rc7+ Kf6 47. Rc6+ Kf7 48. Rc7+ Kg8 49. Rc5 Kh7 50. g4 Rh4 51. gxf5 Rxf4 52. Kg3 Rf1 53. Re5 Rg1+ 54. Kh4 Rg5 55. Rc5 Kg8 56. Rc8+ Kf7 57. Rc5 Kf6 58. Rc6+ Kxf5 59. Rc5+ Kg6 60. Rc6+ Kh7 61. Rc7 Rg6 62. Rd7 Rf6 63. Rc7 Rf4+ 64. Kg3 Rf6 65. Rd7 Kg6 66. Rc7 Rf7 67. Rc5 Rf5 68. Rc6+ Kg5 69. Rc4 g6 70. Rc6 Kh5 71. Rc4 g5 72. Rc2 Rf4 73. Rh2+ Kg6 74. Rf2 h5 75. Rd2 Rg4+ 76. Kh3 Rf4 77. Re2 Kf5 78. Rc2 Ke4 79. Rc4+ Kd3 80. Rc2 Kxc2 81. Kg3 Kd2 82. Kg2 Kd3 83. Kg3 Ke3 84. Kg2 Rf3 85. Kg1 g4 86. Kh2 h4 87. Kg2 g3 88. Kh3 Rf2 89. Kxh4 Ke2 90. Kh3 Rg2 91. Kxg2 Ke3 92. Kxg3 1/2-1/2

[Event "Play for Durgesh Fundraiser Blitz"]
[Site "Vishy Anand Arena"]
[Date "2020.09.19"]
[Round "8"]
[White "SAIMANIVANNAN"]
[Black "anandfan"]
[Result "0-1"]
[WhiteElo "1625"]
[BlackElo "1784"]
[Annotator "NA"]
[PlyCount "78"]
[EventDate "2020.09.19"]
[EventType "swiss (blitz)"]

1. Nf3 Nf6 2. c4 e6 3. g3 d5 4. Bg2 c5 5. d4 Nc6 6. O-O dxc4 7. Qc2 Nxd4 8. Nxd4 cxd4 9. Qxc4 Be7 10. Rd1 e5 11. Qb5+ Nd7 12. e3 Bf6 13. exd4 exd4 14. Re1+ Kf8 15. Bf4 Qb6 16. Qe2 g5 17. Bd2 Kg7 18. h4 h6 19. hxg5 hxg5 20. Na3 Ne5 21. Nc4 Nxc4 22. Qxc4 Qxb2 23. Bb4 d3 24. Rab1 Qd4 25. Qxd4 Bxd4 26. Rb3 Bf5 27. Be4 Rhe8 28. Rxd3 Bxe4 29. Rxd4 f5 30. Rd7+ Kf6 31. f3 Bc6 32. Bc3+ Kg6 33. Rg7+ Kh6 34. Rd1 Bxf3 35. Rd6+ Kh5 36. Kf2 Kg4 37. Rd4+ Be4 38. Bd2 Rad8 39. Rxg5+ Kh3 0-1

[Event "Play for Durgesh Fundraiser Blitz"]
[Site "Vishy Anand Arena"]
[Date "2020.09.19"]
[Round "8"]
[White "skipper_chess"]
[Black "kaukik"]
[Result "0-1"]
[WhiteElo "1625"]
[BlackElo "1533"]
[Annotator "NA"]
[PlyCount "92"]
[EventDate "2020.09.19"]
[EventType "swiss (blitz)"]

1. e4 c5 2. c3 e6 3. d4 d5 4. e5 a6 5. Nf3 Bd7 6. Be2 Bb5 7. O-O Nc6 8. Be3 Bxe2 9. Qxe2 c4 10. Nbd2 h6 11. Rfe1 Nge7 12. Nf1 Nf5 13. Bc1 b5 14. Ne3 Nce7 15. Qc2 g5 16. h3 Nxe3 17. Bxe3 Nf5 18. Nh2 h5 19. Qd2 Be7 20. Nf3 g4 21. Ng5 Nxe3 22. Qxe3 Bxg5 23. Qg3 gxh3 24. f4 Bh4 25. Qxh3 Bxe1 26. Rxe1 Qe7 27. f5 O-O-O 28. f6 Qc7 29. b3 Rdg8 30. bxc4 Qxc4 31. Rb1 Rg4 32. Rb2 Re4 33. Qg3 Rg4 34. Qh3 Rhg8 35. Qxh5 Qxc3 36. Re2 Qxd4+ 37. Kh1 Rh4+ 38. Qxh4 Qxh4+ 39. Kg1 Qd4+ 40. Kf1 Rg5 41. Ke1 Rxe5 42. Kf1 Qd1+ 43. Kf2 Qxe2+ 44. Kg3 Rg5+ 45. Kh3 Qxg2+ 46. Kh4 Qg3# 0-1

[Event "Play for Durgesh Fundraiser Blitz"]
[Site "Vishy Anand Arena"]
[Date "2020.09.19"]
[Round "8"]
[White "Shivakrishna1990"]
[Black "Beradia"]
[Result "1-0"]
[WhiteElo "1621"]
[BlackElo "1489"]
[Annotator "NA"]
[PlyCount "65"]
[EventDate "2020.09.19"]
[EventType "swiss (blitz)"]

1. e4 c5 2. Nf3 g6 3. d4 Bg7 4. dxc5 Qa5+ 5. Nc3 Qxc5 6. Be3 Bxc3+ 7. bxc3 Qxc3+ 8. Bd2 Qc7 9. Bd3 Nf6 10. O-O O-O 11. h3 d6 12. c4 Nc6 13. Bc3 e5 14. Qd2 Ne7 15. Qg5 Ne8 16. Bd2 f6 17. Qh6 Be6 18. Rfc1 Rc8 19. Be3 Qa5 20. Nd2 f5 21. Nb3 Qd8 22. f3 fxe4 23. fxe4 Ng7 24. Bg5 Qd7 25. Rf1 a6 26. Bf6 Rxf6 27. Rxf6 Rf8 28. Raf1 Rxf6 29. Rxf6 Qe8 30. h4 Kh8 31. a3 Ng8 32. Qd2 Nxf6 33. Qe2 1-0

[Event "Play for Durgesh Fundraiser Blitz"]
[Site "Vishy Anand Arena"]
[Date "2020.09.19"]
[Round "8"]
[White "NJ2004"]
[Black "Tarun Mateti"]
[Result "0-1"]
[WhiteElo "1618"]
[BlackElo "1556"]
[Annotator "NA"]
[PlyCount "72"]
[EventDate "2020.09.19"]
[EventType "swiss (blitz)"]

1. e4 c5 2. Nf3 d6 3. d4 cxd4 4. Nxd4 Nf6 5. Nc3 a6 6. Bg5 e6 7. f4 Qb6 8. Qd2 Qxb2 9. Rb1 Qa3 10. Bb5+ axb5 11. Rb3 Qa5 12. Ndxb5 Nc6 13. Nxd6+ Bxd6 14. Qxd6 Qd8 15. Qc5 Qd4 16. Qb5 O-O 17. e5 Nd5 18. Nxd5 Qxd5 19. Qe2 Rxa2 20. O-O Nd4 21. Qd3 Nxb3 22. Qxd5 exd5 23. cxb3 Bf5 24. Rc1 Rc8 25. Rd1 Be4 26. f5 Rxg2+ 27. Kf1 Rcc2 28. Bf4 Rcf2+ 29. Ke1 Rxf4 30. Rc1 h6 31. f6 Rg1+ 32. Kd2 Rxc1 33. Kxc1 gxf6 34. Kd2 fxe5 35. Ke3 Rf3+ 36. Kd2 Rxb3 0-1

[Event "Play for Durgesh Fundraiser Blitz"]
[Site "Vishy Anand Arena"]
[Date "2020.09.19"]
[Round "8"]
[White "namanjain2005"]
[Black "Mithilesh2009"]
[Result "1-0"]
[WhiteElo "1617"]
[BlackElo "1488"]
[Annotator "NA"]
[PlyCount "115"]
[EventDate "2020.09.19"]
[EventType "swiss (blitz)"]

1. e4 e5 2. Nf3 Nf6 3. Nxe5 Qe7 4. Nf3 Nxe4 5. Qe2 Nf6 6. Qxe7+ Bxe7 7. Nc3 O-O 8. Bc4 c6 9. O-O d5 10. Bd3 Bd6 11. b3 Bg4 12. Nd4 c5 13. Nf5 Bxf5 14. Bxf5 d4 15. Ne4 Nxe4 16. Bxe4 Nc6 17. d3 Ne5 18. Bxb7 Rab8 19. Bd5 Ng4 20. h3 Nf6 21. Bc4 Nd7 22. Bg5 Nb6 23. Rfe1 Nxc4 24. dxc4 f6 25. Bd2 Rfe8 26. Rxe8+ Rxe8 27. Re1 Rxe1+ 28. Bxe1 Kf7 29. Kf1 Kg6 30. Ke2 Kf5 31. Kf3 g5 32. Ba5 h5 33. a3 g4+ 34. hxg4+ hxg4+ 35. Ke2 Kf4 36. b4 cxb4 37. axb4 g3 38. f3 f5 39. c5 Bb8 40. b5 Kg5 41. Bd8+ Kg6 42. b6 axb6 43. cxb6 Kf7 44. Bc7 Bxc7 45. bxc7 Ke7 46. c8=Q Kf7 47. Qd7+ Kf6 48. Qxd4+ Kg5 49. c4 f4 50. c5 Kf5 51. c6 Ke6 52. c7 Ke7 53. c8=Q Kf7 54. Qf5+ Ke7 55. Qfe5+ Kf7 56. Qdxf4+ Kg6 57. Qeg5+ Kh7 58. Qfh4# 1-0

[Event "Play for Durgesh Fundraiser Blitz"]
[Site "Vishy Anand Arena"]
[Date "2020.09.19"]
[Round "8"]
[White "LegendBoy6"]
[Black "Vaishnavi0309"]
[Result "0-1"]
[WhiteElo "1613"]
[BlackElo "1456"]
[Annotator "NA"]
[PlyCount "86"]
[EventDate "2020.09.19"]
[EventType "swiss (blitz)"]

1. e4 e5 2. d4 exd4 3. Bc4 Nc6 4. Nf3 d6 5. c3 Be7 6. cxd4 Nf6 7. Nc3 O-O 8. O-O Bg4 9. Be2 Re8 10. d5 Ne5 11. Nxe5 Bxe2 12. Qxe2 dxe5 13. Be3 Bd6 14. Nb5 a6 15. Nxd6 Qxd6 16. f3 Rad8 17. Rab1 c6 18. dxc6 Qxc6 19. Rbc1 Qa4 20. b3 Qd7 21. Rfd1 Qe7 22. Rxd8 Rxd8 23. Rd1 Rxd1+ 24. Qxd1 Qa3 25. Qd8+ Qf8 26. Qc7 Qb4 27. Qb8+ Qf8 28. Qxb7 h6 29. Qxa6 Qb4 30. Qe2 Qa3 31. f4 exf4 32. Bxf4 Qe7 33. e5 Nd5 34. Qe4 Nc3 35. Qc2 Nd5 36. Bg3 Qa7+ 37. Kh1 Qa6 38. Qd1 Nc3 39. Qd8+ Kh7 40. h3 Qf1+ 41. Kh2 Ne2 42. Qd3+ Kg8 43. Qf3 Qg1# 0-1

[Event "Play for Durgesh Fundraiser Blitz"]
[Site "Vishy Anand Arena"]
[Date "2020.09.19"]
[Round "8"]
[White "enthusiast"]
[Black "An_2356"]
[Result "0-1"]
[WhiteElo "1602"]
[BlackElo "1776"]
[Annotator "NA"]
[PlyCount "86"]
[EventDate "2020.09.19"]
[EventType "swiss (blitz)"]

1. e4 e5 2. Nf3 Nc6 3. Bb5 a6 4. Ba4 Nf6 5. O-O Be7 6. Re1 b5 7. Bb3 d6 8. h3 O-O 9. c3 Nb8 10. d4 Nbd7 11. d5 Bb7 12. Nbd2 c5 13. Bc2 Nb6 14. Nf1 Re8 15. Ng3 Bf8 16. Nf5 g6 17. N3h4 Bg7 18. Nxg7 Kxg7 19. Bg5 h6 20. Be3 Nfxd5 21. exd5 Qxh4 22. Qd2 Nxd5 23. Bd1 Nxe3 24. Rxe3 Re6 25. Rg3 Rf6 26. Rg4 Qh5 27. Rg3 Qf5 28. Bg4 Qf4 29. Qe2 Kh7 30. Bf3 e4 31. Rg4 Qf5 32. Bxe4 Bxe4 33. Rxe4 h5 34. Rf1 Rd8 35. Re3 d5 36. Rf3 Qg5 37. Rf5 Qxf5 38. f3 Re6 39. Qf2 d4 40. cxd4 cxd4 41. Re1 Rxe1+ 42. Qxe1 d3 43. Qe7 Qd7 0-1

[Event "Play for Durgesh Fundraiser Blitz"]
[Site "Vishy Anand Arena"]
[Date "2020.09.19"]
[Round "8"]
[White "SidharthS"]
[Black "Sml_hari"]
[Result "1-0"]
[WhiteElo "1593"]
[BlackElo "1596"]
[Annotator "NA"]
[PlyCount "77"]
[EventDate "2020.09.19"]
[EventType "swiss (blitz)"]

1. f4 d5 2. Nf3 c6 3. d3 Bf5 4. Nbd2 Nf6 5. g3 h6 6. Bg2 e6 7. O-O Nbd7 8. Qe1 Bc5+ 9. Kh1 Be3 10. Nb3 Qb6 11. a4 a5 12. Bxe3 Qxe3 13. Qd2 Qb6 14. Rae1 O-O 15. Nh4 Bh7 16. e4 Nc5 17. Nxc5 Qxc5 18. e5 Nd7 19. c3 b5 20. d4 Qb6 21. f5 exf5 22. Bh3 g6 23. Qxh6 Rfe8 24. Qg5 Nf8 25. Bxf5 c5 26. Bb1 cxd4 27. Rf6 Re6 28. Ref1 Ra7 29. g4 dxc3 30. Nf5 Rc7 31. Nh6+ Kg7 32. Rxf7+ Rxf7 33. Rxf7+ Kh8 34. Rxf8+ Kg7 35. Rf7+ Kh8 36. Nf5 Qb8 37. Rxh7+ Kg8 38. Rg7+ Kf8 39. Qh6 1-0

[Event "Play for Durgesh Fundraiser Blitz"]
[Site "Vishy Anand Arena"]
[Date "2020.09.19"]
[Round "8"]
[White "Parthivkava"]
[Black "A1263a"]
[Result "0-1"]
[WhiteElo "1589"]
[BlackElo "1697"]
[Annotator "NA"]
[PlyCount "98"]
[EventDate "2020.09.19"]
[EventType "swiss (blitz)"]

1. d4 Nf6 2. Bf4 e6 3. e3 d5 4. Nf3 c5 5. Bd3 b6 6. c3 Bb7 7. h4 Nc6 8. Ne5 Bd6 9. Nd2 Qc7 10. g4 Nxe5 11. dxe5 Bxe5 12. Bxe5 Qxe5 13. Nf3 Qc7 14. g5 Ne4 15. Qc2 c4 16. Be2 Nc5 17. Nd2 d4 18. Bxc4 Bxh1 19. O-O-O Bc6 20. exd4 Nd7 21. f4 b5 22. Bd3 a5 23. f5 Bd5 24. fxe6 fxe6 25. Rf1 Ke7 26. h5 Rhf8 27. Rg1 b4 28. Bxh7 bxc3 29. bxc3 Rac8 30. Ne4 Bxe4 31. Bxe4 Qxc3 32. Qxc3 Rxc3+ 33. Kb2 Re3 34. Bc6 Rf2+ 35. Kb1 Rfe2 36. h6 Re1+ 37. Rxe1 Rxe1+ 38. Kb2 Re2+ 39. Kb3 gxh6 40. gxh6 Rh2 41. Be4 Rxh6 42. d5 exd5 43. Bxd5 Rb6+ 44. Ka4 Rd6 45. Bb3 Nc5+ 46. Kxa5 Nxb3+ 47. axb3 Kd7 48. b4 Kc6 49. b5+ Kb7 0-1

[Event "Play for Durgesh Fundraiser Blitz"]
[Site "Vishy Anand Arena"]
[Date "2020.09.19"]
[Round "8"]
[White "Crazyintrovert"]
[Black "Bhabnish7"]
[Result "1-0"]
[WhiteElo "1583"]
[BlackElo "1374"]
[Annotator "NA"]
[PlyCount "77"]
[EventDate "2020.09.19"]
[EventType "swiss (blitz)"]

1. e4 c5 2. Nf3 d6 3. g3 Nf6 4. d3 g6 5. Bg2 Bg7 6. Nc3 O-O 7. O-O Nc6 8. Re1 Bd7 9. b3 Rc8 10. Bb2 h5 11. Rb1 Bh6 12. e5 dxe5 13. Nxe5 Nxe5 14. Rxe5 g5 15. Bxb7 Rc7 16. Bg2 h4 17. Ne4 Nxe4 18. Rxe4 hxg3 19. hxg3 e6 20. Qh5 Kh7 21. Ree1 Rg8 22. Qe2 f5 23. Be5 Rc6 24. Bxc6 Bxc6 25. Bb2 Qd5 26. f3 g4 27. Rf1 gxf3 28. Qh2 Kg6 29. Rbe1 Rh8 30. Qf2 Bg7 31. Qxf3 Qxf3 32. Rxf3 Bxf3 33. Kf2 Rh6 34. Bxg7 Kxg7 35. Kxf3 Kf7 36. Re2 Rg6 37. Kf4 Rh6 38. Rg2 Rg6 39. Ke5 1-0

[Event "Play for Durgesh Fundraiser Blitz"]
[Site "Vishy Anand Arena"]
[Date "2020.09.19"]
[Round "8"]
[White "Saathwikthegreat"]
[Black "Mukunda2507"]
[Result "1-0"]
[WhiteElo "1577"]
[BlackElo "1714"]
[Annotator "NA"]
[PlyCount "95"]
[EventDate "2020.09.19"]
[EventType "swiss (blitz)"]

1. e4 c5 2. Nf3 d6 3. c3 Nf6 4. Qc2 Nc6 5. d4 cxd4 6. cxd4 e5 7. d5 Ne7 8. Nc3 g6 9. Bd3 Bg7 10. Bd2 Bg4 11. Be2 O-O 12. h3 Bxf3 13. Bxf3 Rc8 14. Rc1 Nd7 15. Qd3 Nc5 16. Qe2 f5 17. O-O fxe4 18. Nxe4 Nf5 19. Nxc5 dxc5 20. Be3 Nd4 21. Bxd4 exd4 22. Qd3 Qg5 23. Rc4 b5 24. Rcc1 c4 25. Qd1 Rf7 26. b3 c3 27. Rc2 Rcf8 28. Kh1 Rxf3 29. gxf3 Qh4 30. Kh2 Be5+ 31. Kg2 Rf5 32. Rh1 Rg5+ 33. Kf1 Rf5 34. Qe2 Qf4 35. h4 Qxf3 36. Qxf3 Rxf3 37. Ke2 d3+ 38. Kxf3 dxc2 39. Rc1 Kf8 40. Rxc2 Ke7 41. Ke4 Kd6 42. f4 Bf6 43. Rh2 b4 44. Rh1 h5 45. f5 gxf5+ 46. Kxf5 Be5 47. Rd1 c2 48. Rc1 1-0

[Event "Play for Durgesh Fundraiser Blitz"]
[Site "Vishy Anand Arena"]
[Date "2020.09.19"]
[Round "8"]
[White "pranay20"]
[Black "VedTheKnight"]
[Result "0-1"]
[WhiteElo "1561"]
[BlackElo "1714"]
[Annotator "NA"]
[PlyCount "108"]
[EventDate "2020.09.19"]
[EventType "swiss (blitz)"]

1. e4 c5 2. Nf3 g6 3. d4 cxd4 4. Nxd4 Bg7 5. Nc3 Nc6 6. Be3 Nf6 7. Bc4 O-O 8. Bb3 a5 9. f3 d6 10. Qd2 Bd7 11. h4 h5 12. g4 hxg4 13. h5 Nxh5 14. Nxc6 bxc6 15. Bh6 Kh7 16. Bxg7 Kxg7 17. Rxh5 Rh8 18. Rxh8 Qxh8 19. O-O-O gxf3 20. Qd4+ f6 21. Qc4 Qh6+ 22. Kb1 Rf8 23. Qd3 Qf4 24. Rf1 Bg4 25. Nd1 Rh8 26. Ne3 Rh3 27. Nxg4 Qxg4 28. a3 Qg2 29. Qc4 Rh1 30. Qg8+ Kh6 31. Qh8+ Kg5 32. Qxh1 Qxh1 33. Rxh1 Kf4 34. Kc1 g5 35. Kd1 Kg3 36. Ke1 Kg2 37. Rf1 g4 38. Rf2+ Kg3 39. Kf1 Kf4 40. Be6 g3 41. Rd2 Kxe4 42. Bh3 f5 43. Rd3 d5 44. b4 axb4 45. axb4 e6 46. Ra3 f4 47. c4 dxc4 48. b5 e5 49. Be6 cxb5 50. Bd7 f2 51. Bc6+ Kf5 52. Bd7+ Ke4 53. Ra8 Kd4 54. Kg2 f3+ 0-1

[Event "Play for Durgesh Fundraiser Blitz"]
[Site "Vishy Anand Arena"]
[Date "2020.09.19"]
[Round "8"]
[White "Aryn"]
[Black "Hmota"]
[Result "1-0"]
[WhiteElo "1560"]
[BlackElo "1485"]
[Annotator "NA"]
[PlyCount "149"]
[EventDate "2020.09.19"]
[EventType "swiss (blitz)"]

1. e4 e5 2. Nf3 Nc6 3. Bc4 h6 4. Nc3 Nf6 5. d3 Bb4 6. Bd2 Bxc3 7. Bxc3 d6 8. O-O O-O 9. h3 a6 10. Re1 b5 11. Bb3 Qd7 12. Re3 Bb7 13. Qd2 Rad8 14. Rae1 a5 15. Bd5 b4 16. Bxc6 Bxc6 17. Bxb4 axb4 18. Qxb4 Rb8 19. Qc3 Rb7 20. Rd1 Rfb8 21. b3 Qe6 22. d4 Rb4 23. d5 Bd7 24. dxe6 Bxe6 25. a3 R4b5 26. a4 Rc5 27. Qb2 Rb6 28. Re2 Rbc6 29. c3 Rxc3 30. Ree1 Bxb3 31. Rc1 Rxc1 32. Rxc1 Bxa4 33. Rxc6 Bxc6 34. Qc2 Kh7 35. Qxc6 Nh5 36. Qxc7 Nf4 37. Qxd6 Ng6 38. h4 f6 39. h5 Nf4 40. g3 Nxh5 41. Kh2 Kg6 42. Kh3 Kh7 43. Kh4 Kg6 44. Qe6 Nf4 45. Qf5+ Kf7 46. gxf4 g6 47. Qg4 g5+ 48. Qxg5 fxg5+ 49. fxg5 hxg5+ 50. Nxg5+ Kg6 51. Nf3 Kh6 52. Nxe5 Kg7 53. f4 Kf6 54. Nd3 Ke6 55. f5+ Kf6 56. Kg4 Kg7 57. e5 Kh6 58. f6 Kg6 59. Kf4 Kf7 60. Kf5 Ke8 61. e6 Kd8 62. Kg6 Ke8 63. Kg7 Kd8 64. f7 Ke7 65. f8=Q+ Kxe6 66. Qf6+ Kd5 67. Nf4+ Kc4 68. Qe5 Kb3 69. Qd4 Kc2 70. Kf6 Kb3 71. Ke5 Ka3 72. Qb6 Ka2 73. Kd4 Ka1 74. Kc3 Ka2 75. Qb2# 1-0

[Event "Play for Durgesh Fundraiser Blitz"]
[Site "Vishy Anand Arena"]
[Date "2020.09.19"]
[Round "8"]
[White "VenkChess"]
[Black "Gonda"]
[Result "1/2-1/2"]
[WhiteElo "1559"]
[BlackElo "1586"]
[Annotator "NA"]
[PlyCount "120"]
[EventDate "2020.09.19"]
[EventType "swiss (blitz)"]

1. d4 Nf6 2. c4 e6 3. Nf3 Be7 4. Nc3 d5 5. Bf4 O-O 6. e3 Nbd7 7. Bd3 c6 8. O-O h6 9. Rc1 b6 10. cxd5 cxd5 11. Nb5 Bb7 12. Rc7 Ba6 13. Qc2 Bxb5 14. Bxb5 Rc8 15. Rxc8 Qxc8 16. Rc1 Qxc2 17. Rxc2 Ne4 18. Bxd7 a5 19. Rc8 Rxc8 20. Bxc8 b5 21. Bc7 a4 22. Bd7 Bd6 23. Bxd6 Nxd6 24. Kf1 Kf8 25. Ke2 Ke7 26. Bc6 Kd8 27. Ne5 Kc7 28. Ba8 b4 29. Kd3 a3 30. bxa3 bxa3 31. f3 f6 32. Ng4 Nc8 33. Kc3 Nb6 34. Bxd5 exd5 35. Kb3 Nc4 36. h4 h5 37. Nf2 Nxe3 38. Kxa3 Nxg2 39. Kb4 Nxh4 40. a4 Nxf3 41. Kc5 g5 42. Kxd5 g4 43. Ke4 Kb6 44. d5 Ne5 45. d6 g3 46. Nh3 Kc6 47. a5 Kxd6 48. a6 Kc6 49. Ke3 Kb6 50. Kf4 h4 51. Kf5 Nd7 52. Kg4 Kxa6 53. Kxh4 g2 54. Kg3 Kb6 55. Kxg2 Kc5 56. Kf3 Kd4 57. Kf4 Kd5 58. Nf2 Ke6 59. Ng4 Ne5 60. Nxf6 Kxf6 1/2-1/2